Success in the creative classroom : using past wisdom to inspire excellence / (Record no. 988)

000 -LEADER
fixed length control field 00831cam a2200253 a 4500
001 - CONTROL NUMBER
control field 14990464
003 - CONTROL NUMBER IDENTIFIER
control field OSt
005 - DATE AND TIME OF LATEST TRANSACTION
control field 20140116120842.0
008 - FIXED-LENGTH DATA ELEMENTS--GENERAL INFORMATION
fixed length control field 070831s2007 enka b 001 0 eng d
020 ## - INTERNATIONAL STANDARD BOOK NUMBER
International Standard Book Number 9781855392168
042 ## - AUTHENTICATION CODE
Authentication code lccopycat
050 00 - LIBRARY OF CONGRESS CALL NUMBER
Classification number LB1027.S83 2007
245 00 - TITLE STATEMENT
Title Success in the creative classroom : using past wisdom to inspire excellence /
Statement of responsibility, etc Steve Bowkett ... [et al.].
260 ## - PUBLICATION, DISTRIBUTION, ETC. (IMPRINT)
Place of publication, distribution, etc London :
Name of publisher, distributor, etc Network Continuum Education,
Date of publication, distribution, etc 2007.
300 ## - PHYSICAL DESCRIPTION
Extent 199 p. :
Other physical details ill. ;
Dimensions 30 cm.
504 ## - BIBLIOGRAPHY, ETC. NOTE
Bibliography, etc Includes bibliographical references (p. 191-193) and index.
650 #0 - SUBJECT ADDED ENTRY--TOPICAL TERM
Topical term or geographic name as entry element Creative teaching.
700 1# - ADDED ENTRY--PERSONAL NAME
Personal name Bowkett, Steve.
700 1# - ADDED ENTRY--PERSONAL NAME
Personal name Harding, Tim.
700 1# - ADDED ENTRY--PERSONAL NAME
Personal name Lee, Trishna
700 1# - ADDED ENTRY--PERSONAL NAME
Personal name Leighton, Roy.
856 41 - ELECTRONIC LOCATION AND ACCESS
Materials specified Table of contents
Uniform Resource Identifier <a href="http://www.loc.gov/catdir/toc/fy0801/2007532769.html">http://www.loc.gov/catdir/toc/fy0801/2007532769.html</a>
942 ## - ADDED ENTRY ELEMENTS (KOHA)
Source of classification or shelving scheme
Koha item type Book
Holdings
Withdrawn status Lost status Source of classification or shelving scheme Damaged status Not for loan Home library Current library Date acquired Cost, normal purchase price Total Checkouts Full call number Barcode Date last seen Date checked out Copy number Price effective from Koha item type
          Riara University Library Riara University Library 21/08/2012 2000.00 1 LB1027.S83 2007 3495/12 04/09/2012 28/08/2012 C.1 21/08/2012 Book
          Riara University Library Riara University Library 21/08/2012 2000.00 1 LB1027.S83 2007 3496/12 04/09/2012 28/08/2012 C.2 21/08/2012 Book
          Riara University Library Riara University Library 21/08/2012 2000.00   LB1027.S83 2007 3497/12 21/08/2012   C.3 21/08/2012 Book

Riara University Library,
P.O. Box 49940-00100,
Nairobi, Kenya.